Statistiques concernant Harry Potter par emojis #5

Cliquez ici pour prendre le quiz!

Statistiques générales

  • Ce quiz a été pris 587 fois
  • Le résultat moyen est 8 sur 16

Statistiques - réponses

EmojisSort% Correct
💀Avada Kedavra
92%
🦌Spero Patronum
91%
🔑Alohomora
82%
🌞Lumos
75%
😫Endoloris
63%
🌑Nox
59%
💧Aguamenti
57%
🛡Protego
53%
🐌Crache Limace
44%
🪁Wingardium Leviosa
32%
😲Stupefix
30%
🐍Serpentsortia
23%
🐤Avis
15%
🔥Feudeymon
14%
👅Bloclang
13%
Amplificatum
12%

Distribution des résultats

Percentile par nombre de réponses

% des personnes avec chaque résultat

Votre développement - résultats

Vous n’avez pas pris ce quiz